| 000 | nam a22 7a 4500 | ||
|---|---|---|---|
| 999 |
_c29920 _d29920 |
||
| 008 | 181015b xxu||||| |||| 00| 0 eng d | ||
| 050 | _aLC 1047 .D44 .M 88 2012 | ||
| 100 | _aMwangi Francis Muthee | ||
| 245 |
_aFactors affecting quality of education and training in public technical institutions: _bA case study of kabete technical training institute/ |
||
| 260 |
_aKenya: _c2012. |
||
| 300 |
_axii,59p . : _bIll , ; _c30cm. |
||
| 521 | _aExecutive masters | ||
| 650 | _aTechnical education | ||
| 942 |
_2lcc _cRESEARCH |
||